000 00305nam a22001457a 4500
008 221021b ||||| |||| 00| 0 eng d
020 _a061215511
041 _aeng
080 _a61
082 _a61 MAT
100 _a2
101 _aMJK
245 _aTHE ANTERIOR APPROACH
_cMATTA J
942 _2udc
_cBK
999 _c58643
_d58643